Non-Countries - Sudden Death - Statistics

General Stats
  • This quiz has been taken 8,309 times
    4,913 since last reset
  • The average score is 14 of 16
Answers on the Grid
Answers color-coded by a green-red scale on the quiz's grid according to % correct below.
Puerto Rico
Equatorial Guinea
Greenland
Bermuda
Kuwait
Polynesia
Honshu
Cape Verde
Sumatra
San Marino
Malta
Samoa
Marshall Islands
Andalusia
Vatican City
Guam
Maldives
Saint Kitts and Nevis
Tahiti
Myanmar
Tuvalu
Western Sahara
French Guiana
Trinidad and Tobago
Siberia
Burkina Faso
Borneo
Falkland Islands
Sierra Leone
Hong Kong
Sicily
Bahrain
 
Answer Stats
Answer % Correct
Greenland
91%
Honshu
89%
Puerto Rico
89%
Polynesia
87%
Sicily
87%
Sumatra
87%
Andalusia
86%
Falkland Islands
84%
Guam
84%
Hong Kong
84%
Siberia
84%
Western Sahara
84%
Bermuda
83%
Borneo
83%
Tahiti
81%
French Guiana
77%
No matching quizzes found
Score Distribution
Percent of People with Each Score
Percentile by Number Answered
Your Score History
You have not taken this quiz since the last reset